Statistics for League of Legends (LoL) - LPL Champions

Click here to take the quiz!

General Stats

  • This quiz has been taken 49 times
  • The average score is 28 of 34

Answer Stats

SplitTeamTopJungleMidAdcSupport% Correct
2019 summerFunPlus PhoenixGimgoonTianDoinbLwxCrisp
98%
2019 summerFunPlus PhoenixGimgoonTianDoinbLwxCrisp
98%
2014 springEdward GamingKoro1ClearloveUNameiFzzf
95%
2014 summerEdward GamingKoro1ClealoveUNameiFzzf
95%
2015 springEdward GamingKoro1ClearloveU/PawnDeftMeiko
95%
2016 summerEdward GamingMouseClearloveScoutDeftMeiko
95%
2016 summerEdward GamingMouseClearloveScoutDeftMeiko
95%
2017 summerEdward GamingMouseClearloveScoutBoyMeiko
95%
2015 springEdward GamingKoro1ClearloveU/PawnDeftMeiko
95%
2014 summerEdward GamingKoro1ClealoveUNameiFzzf
95%
2017 summerEdward GamingMouseClearloveScoutBoyMeiko
95%
2014 springEdward GamingKoro1ClearloveUNameiFzzf
95%
2019 springInvictus GamingTheShyNingRookieJackeyloveBaolan
95%
2019 springInvictus GamingTheShyNingRookieJackeyloveBaolan
95%
2016 springRoyal Never Give UpLooperMlxgXiaohuNamei/wuxxMata
93%
2018 summerRoyal Never Give UpZz1tai/LetmeMlxg/KarsaXiaohuUzi/AbleMing
93%
2021 springRoyal Never Give UpXiaohuWeiCryinGalaMing
93%
2021 springRoyal Never Give UpXiaohuWeiCryinGalaMing
93%
2018 summerRoyal Never Give UpZz1tai/LetmeMlxg/KarsaXiaohuUzi/AbleMing
93%
2018 springRoyal Never Give UpZz1tai/LetmeMlxg/KarsaXiaohuUziMing
93%
2016 springRoyal Never Give UpLooperMlxgXiaohuNamei/wuxxMata
93%
2018 springRoyal Never Give UpZz1tai/LetmeMlxg/KarsaXiaohuUziMing
93%
2020 summerTop Esports369KarsaKnightJackeyLoveyuyanjia
84%
2020 summerTop Esports369KarsaKnightJackeyLoveyuyanjia
84%
2020 springJD GamingZoomKanaviYagaoLokenLvmao
75%
2020 springJD GamingZoomKanaviYagaoLokenLvmao
75%
2013 springOh My GodGogoingLovelinCoolSanBigpomelo
68%
2013 springOh My GodGogoingLovelinCoolSanBigpomelo
68%
2017 springTeam WE957CondiXiyeMysticBen
68%
2017 springTeam WE957CondiXiyeMysticBen
68%
2015 summerLGD GamingAcorn/FlameTBQGODVImpPyl
50%
2015 summerLGD GamingAcorn/FlameTBQGODVImpPyl
50%
2013 summerPositive EnergyCaninesQingzhi/JingJojoNameiSicca
32%
2013 summerPositive EnergyCaninesQingzhi/JingJojoNameiSicca
32%

Score Distribution

Percentile by Number Answered

Percent of People with Each Score

Your Score History

You have not taken this quiz